Normal view
MARC view
- تأليف ، حسن، محمد كامل؛ مراجعة حسن تميم
Entry Personal Name
001 - CONTROL NUMBER
- control field: 17858
003 - CONTROL NUMBER IDENTIFIER
- control field: JO-AjAnu
005 - DATE AND TIME OF LATEST TRANSACTION
- control field: 20230606073139.0
008 - FIXED-LENGTH DATA ELEMENTS
- fixed length control field: 230606|| aca||aabn | a|a d
040 ## - CATALOGING SOURCE
- Original cataloging agency: JO-AjAnu
- Transcribing agency: JO-AjAnu
100 ## - HEADING--PERSONAL NAME
- Personal name: تأليف ، حسن، محمد كامل؛ مراجعة حسن تميم
670 ## - SOURCE DATA FOUND
- Source citation: Work cat.: (JO-AjAnu)9172: تأليف ، حسن، محمد كامل؛ مراجعة حسن تميم, author, الموسوعة القرآنية : فضائل الآيات في القرآن الكريم